000 02577nam0a2200421 4500
001 RU\NLR\BIBL_A\021994471
005 20250915105124.0
010 _a978-5-361-01140-7
_9100
021 _aRU
_bКН-П-23-040931
_9КН-П-23-4087
035 _a(NLR Aleph) 021994471
035 _a(RuMoRGB)011876339
090 _a12436683
_c12436683
100 _a20230802d2023 u y0rusy50 ca
101 0 _arus
102 _aRU
105 _aa j 000zy
181 0 _ai3
_baxxe
182 1 _an
200 1 _aОбучение плаванию студентов в высших учебных заведениях
_eучебное пособие
_eдля студентов, преподавателей физической культуры, тренеров, инструкторов по физической культуре
_fГрачев А. С., Крамской С. И., Белов В. К., Куликов И. А.
_gМинистерство науки и высшего образования Российской Федерации, Белгородский государственный технологический университет им. В. Г. Шухова
203 _aТекст
_bвизуальный
_cнепосредственный
210 _aБелгород
_cИзд-во БГТУ
_d2023
215 _a232 с.
_cтабл.
_d21
300 _aАвт. указаны на обороте тит. с.
320 _aБиблиогр.: с. 231-232 (17 назв.)
606 1 _aПлавание (спорт.)
_xОбучение
_xВысшая школа
_jУчебные издания
_2nlr_sh1
_2nlr_sh2
_3RU\NLR\AUTH\66870988
675 _a378.016:797.2(075.8)
_v4
686 1 _aЧ517.175.14я73
686 1 _aЧ486.73-1плавание.я7
701 1 _aГрачев
_bА. С.
_gАлександр Сергеевич
701 1 _aКрамской
_bС. И.
_f1955-
_gСергей Иванович
_3RU\NLR\AUTH\7726546
701 1 _aБелов
_bВ. К.
_cканд. пед. наук
_gВалерий Константинович
_3RU\NLR\AUTH\7756625
701 1 _aКуликов
_bИ. А.
_cспециалист в обл. физ. воспитания
_gИгорь Анатольевич
_3RU\NLR\AUTH\770259475
712 0 2 _aБелгородский государственный технологический университет им. В. Г. Шухова
_3RU\NLR\AUTH\8810048015
_4475
942 _cBOOK
980 _aNB